Reseñas Estudios Centroamericanos: Edmund T. Gordon. Disparate Diasporas: Identity and Politics in an African-Nicaraguan Community. University of Texas Press, 1998. 330 p /

Na minha lista:
Detalhes bibliográficos
Autor principal: Carey, Mark
Outros Autores: Martínez Juan, Sara (traductor)
Formato: Texto
Assuntos:
Tags: Adicionar Tag
Sem tags, seja o primeiro a adicionar uma tag!

MARC

LEADER 00000 a a2200000 04500
001 9591
003
040
100 |a Carey, Mark  
245 |a Reseñas Estudios Centroamericanos:   |b Edmund T. Gordon. Disparate Diasporas: Identity and Politics in an African-Nicaraguan Community. University of Texas Press, 1998. 330 p /  |c Mark Carey ; traducción por Sara Martínez Juan 
650 |a RESEÑAS BIBLIOGRAFICAS  
650 |a IDENTIDAD CULTURAL  
650 |a NICARAGUENSES  
700 |a Martínez Juan, Sara   |e traductor  
773 |g volumen 23, número 43; páginas 183-186  
999 |c 31232  |d 31232